Softvér - účtovný a daňový pohľad
Predpoklad nehmotného majetku z účtovného a daňového pohľadu. Softvér (počítačový program), upgrade, update. Daňový pohľad na softvér. Účtovanie obstarania softvéru. Technické zhodnotenie softvéru. Odpisovanie softvéru. Vyradenie softvéru z účtovníctva.
Salvato in:
| Autore principale: | |
|---|---|
| Natura: | Capitolo di libro |
| Lingua: | slovacco |
| Soggetti: | |
| Tags: |
Nessun Tag, puoi essere il primo ad aggiungerne!!
|
MARC
| LEADER | 00000naa a2200000 4500 | ||
|---|---|---|---|
| 001 | 0258332 | ||
| 005 | 20190918122828.2 | ||
| 041 | 0 | |a slo | |
| 044 | |a SK | ||
| 245 | 1 | 0 | |a Softvér - účtovný a daňový pohľad |c Anton Kolembus |
| 520 | |a Predpoklad nehmotného majetku z účtovného a daňového pohľadu. Softvér (počítačový program), upgrade, update. Daňový pohľad na softvér. Účtovanie obstarania softvéru. Technické zhodnotenie softvéru. Odpisovanie softvéru. Vyradenie softvéru z účtovníctva. | ||
| 610 | 2 | 0 | |a softvér |
| 610 | 2 | 0 | |a majetok nehmotný |
| 610 | 2 | 0 | |a účtovníctvo |
| 610 | 2 | 0 | |a dane |
| 610 | 2 | 0 | |a odpisy účtovné |
| 610 | 2 | 0 | |a legislatíva |
| 100 | 1 | |a Kolembus, Anton | |